Seven-letter Book Starters (A-Z) Quiz Stats

 Plays Quiz not verified by Sporcle

Score 0/26 Timer 04:00
1 Play Today
Hint Answer % Correct
_______ the Looking GlassThrough
93.6%
_______ Me SoftlyKilling
93.1%
_______ of a GeishaMemoirs
93.1%
_______, Mr. ChipsGoodbye
90.2%
_______ AshesAngela's
89.7%
_______ for GodotWaiting
87.8%
(The) _______ VersesSatanic
85.7%
_______ Corelli's MandolinCaptain
82.2%
_______ EndHowards
82%
_______ for AlgernonFlowers
78.8%
_______'s ProgressPilgrim
77.5%
_______ Vs. Unicorns Zombies
71.1%
_______ for Mister GoodbarLooking
63.1%
Hint Answer % Correct
_______ Than YesterdayYounger
63.1%
_______and SpidersInsects
53.6%
_______ InnJamaica
53.3%
_______ RudgeBarnaby
51.2%
_______ & CrossesNoughts
49.9%
_______ the KingOedipus
42.7%
_______ and FallDecline
39.3%
(The) _______ Life of Tristan SmithUnusual
37.4%
_______ SixRainbow
37.1%
(The) _______ of Dr. DolittleVoyages
31.8%
_______ in GazaEyeless
21.5%
_______ StreetQuality
17.5%
_______ Loving ArmsXavier's
13.3%

You're not logged in!

Compare scores with friends on all Sporcle quizzes.
OR
Log In

Sporcle TV

Today on Sporcle TV


Watch our educational content, quiz creation guides, and fun videos on Sporcle TV.

Show Comments

Extras

Top Quizzes Today


Score Distribution

Your Account Isn't Verified!

In order to create a playlist on Sporcle, you need to verify the email address you used during registration. Go to your Sporcle Settings to finish the process.

Report this User

Report this user for behavior that violates our Community Guidelines.

Details: